000 00549nam a2200193 i 4500
001 21826
003 ES-MaACL
005 20250709210339.0
007 t|
008 021128s1953 sp ||||1| spa d
100 1 _aAleixandre, Vicente,
_d1898-1984
_919688
245 1 0 _aNacimiento último /
_cVicente Aleixandre.
260 _aMadrid :
_bInsula,
_c1953 (
_fS. Aguirre)
300 _a119 p. ;
_c21 cm.
490 1 _aInsula ;
_v15
830 0 0 _aÍnsula
_v15
_9181654
852 _aES-MaACL
_jR-3315
_bR.34521
999 _c21826
_d21826